Kilometric optical arrays in space (Record no. 9249)

MARC details
000 -LEADER
fixed length control field 00821nam a2200205Ia 4500
003 - CONTROL NUMBER IDENTIFIER
control field IN-BaIIA
008 - FIXED-LENGTH DATA ELEMENTS--GENERAL INFORMATION
fixed length control field 211028s9999 xx 000 0 eng d
040 ## - CATALOGING SOURCE
Transcribing agency IIA Library
080 ## - UNIVERSAL DECIMAL CLASSIFICATION NUMBER
Universal Decimal Classification number 535.417(063)
Item number ESO
111 ## - MAIN ENTRY--MEETING NAME
Meeting name or jurisdiction name as entry element International Workshop on the Atmospheres of Saturn and Titan
Location of meeting Cargese, Corsica, France
Date of meeting or treaty signing 1984 Oct. 23-25
9 (RLIN) 15538
245 #0 - TITLE STATEMENT
Title Kilometric optical arrays in space
Remainder of title proceedings of the colloquium on kilometric optical arrays in space, held in Cargese, Corsica, France, 23-25 October, 1984
Statement of responsibility, etc. edited by N. Longdon and O. Melita
260 ## - PUBLICATION, DISTRIBUTION, ETC.
Place of publication, distribution, etc. Paris
Name of publisher, distributor, etc. European Space Agency
Date of publication, distribution, etc. 1985
300 ## - PHYSICAL DESCRIPTION
Extent vi, 194p.
490 ## - SERIES STATEMENT
Series statement ESA SP-226
650 ## - SUBJECT ADDED ENTRY--TOPICAL TERM
Topical term or geographic name entry element Astronomy and astrophysics thesaurus
650 ## - SUBJECT ADDED ENTRY--TOPICAL TERM
Topical term or geographic name entry element Interferometry
9 (RLIN) 3249
700 ## - ADDED ENTRY--PERSONAL NAME
Personal name Longdon, N., ed.
9 (RLIN) 15539
700 ## - ADDED ENTRY--PERSONAL NAME
Personal name Melita, O., ed.
9 (RLIN) 15540
942 ## - ADDED ENTRY ELEMENTS (KOHA)
Koha item type Books
Holdings
Withdrawn status Lost status Damaged status Not for loan Home library Current library Shelving location Date acquired Total Checkouts Full call number Barcode Date last seen Price effective from Koha item type
        IIA Library-Bangalore IIA Library-Bangalore General Stacks     535.417(063)/ ESO 10156 05/11/2021   Books

Powered by Koha